Los hechos del proceso civil. Alegación y utilización de los enunciados fácticos jurídicamente relevantes para la dictación de la decisión de fondo.

Guardat en:
Dades bibliogràfiques
Autor principal: Romero Rodríguez, Sophía (autora)
Format: Desconegut
Idioma:anglès
Publicat: Santiago, Chile: Thomson Reuters, 2021
Edició:1ª edición
Col·lecció:Monografías
Matèries:
Etiquetes: Afegir etiqueta
Sense etiquetes, Sigues el primer a etiquetar aquest registre!

MARC

LEADER 00000 a2200000 4500
003 CL-VaPUC
005 20230315124023.0
008 211115b2021 ||||| |||| 00| 0 eng d
020 |a 978-956-400-227-9 
040 |c Pontificia Universidad Católica de Valparaíso 
082 0 4 |2 21  |a 347.05 ROM 2021 
100 1 |a Romero Rodríguez, Sophía   |9 864533  |e autora 
245 1 4 |a Los hechos del proceso civil.   |b Alegación y utilización de los enunciados fácticos jurídicamente relevantes para la dictación de la decisión de fondo. 
250 |a 1ª edición  
260 |a Santiago, Chile:  |b Thomson Reuters,   |c 2021 
300 |a 432 páginas 
490 0 |a Monografías  
583 |k GC  |c 20211115 
650 1 |a Procedimiento civil  |x Derecho procesal civil  |9 866034 
650 1 |a Código de procedimiento civil  |x Jueces  |x Actividad jurisdiccional  |9 866035 
942 |2 ddc  |c BK 
999 |c 434119  |d 434117 
952 |0 0  |1 0  |2 ddc  |4 0  |5 1  |6 347_050000000000000_ROM_2021  |7 1  |8 C_LRYV  |9 579321  |a BIBDER  |b BIBDER  |c F_LRYV  |d 2021-11-15  |e 31  |g 0.00  |i 5626714  |l 1  |o 347.05 ROM 2021  |p 5626714  |r 2024-04-01  |s 2022-03-24  |t 1  |v 0.00  |w 2021-11-15  |y BK_X  |k BRV 
952 |0 0  |1 0  |2 ddc  |4 0  |6 347_050000000000000_ROM_2021  |7 0  |8 A  |9 589091  |a BIBDER  |b BIBDER  |d 2023-03-15  |e 22  |g 65499.98  |i 5656663  |l 12  |m 2  |o 347.05 ROM 2021  |p 5656663  |r 2024-12-17  |s 2024-12-17  |t 2  |v 65499.98  |w 2023-03-15  |y BK  |k DER